[Event "Campeonato España Sub 10"]
[Site "Salobreña"]
[Date "2017.07.07"]
[Round "7"]
[White "Perez Sousa, Xabier"]
[Black "Fuertes Cirauqui, Pablo"]
[Result "0-1"]
[Board "8"]
[WhiteElo "1323"]
[WhiteCountry "ESP"]
[WhiteFideId "24597040"]
[WhiteEloChange "-7"]
[BlackElo "1415"]
[BlackCountry "ESP"]
[BlackFideId "24513598"]
[BlackEloChange "7"]

1. e4 {[%clk 1:30:30]} e6 {[%clk 1:30:30]} 2. g3 {[%clk 1:30:30]} d5 {[%clk
1:30:30]} 3. Bg2 {[%clk 1:30:30]} c5 {[%clk 1:30:30]} 4. Nc3 {[%clk 1:30:30]} Nf6
{[%clk 1:30:30]} 5. e5 {[%clk 1:30:30]} Nfd7 {[%clk 1:30:30]} 6. f4 {[%clk
1:30:30]} Nc6 {[%clk 1:30:30]} 7. Nf3 {[%clk 1:30:30]} f6 {[%clk 1:30:30]} 8.
exf6 {[%clk 1:30:30]} Nxf6 {[%clk 1:30:30]} 9. O-O {[%clk 1:30:30]} Be7 {[%clk
1:30:30]} 10. d3 {[%clk 1:30:30]} Bd7 {[%clk 1:30:30]} 11. Ne5 {[%clk 1:30:30]}
O-O {[%clk 1:30:30]} 12. Nxd7 {[%clk 1:30:30]} Qxd7 {[%clk 1:30:30]} 13. Re1
{[%clk 1:30:30]} Rad8 {[%clk 1:30:30]} 14. g4 {[%clk 1:30:30]} d4 {[%clk
1:30:30]} 15. Ne2 {[%clk 1:30:30]} Nxg4 {[%clk 1:30:30]} 16. Ng3 {[%clk 1:30:30]}
Ne3 {[%clk 1:30:30]} 17. Bxe3 {[%clk 1:30:30]} dxe3 {[%clk 1:30:30]} 18. Rxe3
{[%clk 1:30:30]} Qd4 {[%clk 1:30:30]} 19. Qe2 {[%clk 1:30:30]} e5 {[%clk
1:30:30]} 20. fxe5 {[%clk 1:30:30]} Bg5 {[%clk 1:30:30]} 21. Re1 {[%clk 1:30:30]}
Nxe5 {[%clk 1:30:30]} 22. c3 {[%clk 1:30:30]} Qxe3+ {[%clk 1:30:30]} 23. Qxe3
{[%clk 1:30:30]} Bxe3+ {[%clk 1:30:30]} 24. Rxe3 {[%clk 1:30:30]} Nxd3 {[%clk
1:30:30]} 25. Re7 {[%clk 1:30:30]} Nf4 {[%clk 1:30:30]} 26. Bxb7 {[%clk 1:30:30]}
Rd1+ {[%clk 1:30:30]} 27. Nf1 {[%clk 1:30:30]} Rxf1+ {[%clk 1:30:30]} 28. Kxf1
{[%clk 1:30:30]} Ng6+ {[%clk 1:30:30]} 29. Bf3 {[%clk 1:30:30]} Nxe7 {[%clk
1:30:30]} 30. Ke2 {[%clk 1:30:30]} g5 {[%clk 1:30:30]} 31. Bg4 {[%clk 1:30:30]}
Rf4 {[%clk 1:30:30]} 32. Be6+ {[%clk 1:30:30]} Kg7 {[%clk 1:30:30]} 33. Ke3
{[%clk 1:30:30]} Nf5+ {[%clk 1:30:30]} 34. Kd3 {[%clk 1:30:30]} Kf6 {[%clk
1:30:30]} 35. Bb3 {[%clk 1:30:30]} Nd6 {[%clk 1:30:30]} 36. Ke3 {[%clk 1:30:30]}
h5 {[%clk 1:30:30]} 37. h4 {[%clk 1:30:30]} Rxh4 {[%clk 1:30:30]} 0-1

[Event "Campeonato España Sub 10"]
[Site "Salobreña"]
[Date "2017.07.07"]
[Round "7"]
[White "Otero Campos, Sofia"]
[Black "Tudela Gonzalez, Victor"]
[Result "0-1"]
[Board "9"]
[WhiteElo "1053"]
[WhiteCountry "ESP"]
[WhiteFideId "24560120"]
[WhiteEloChange "-2"]
[BlackElo "1419"]
[BlackCountry "ESP"]
[BlackFideId "24528030"]
[BlackEloChange "2"]

1. d4 {[%clk 1:30:30]} d5 {[%clk 1:30:30]} 2. Nf3 {[%clk 1:30:30]} Nf6 {[%clk
1:30:30]} 3. Bf4 {[%clk 1:30:30]} e6 {[%clk 1:30:30]} 4. e3 {[%clk 1:30:30]} Be7
{[%clk 1:30:30]} 5. Be2 {[%clk 1:30:30]} O-O {[%clk 1:30:30]} 6. O-O {[%clk
1:30:30]} b6 {[%clk 1:30:30]} 7. Nbd2 {[%clk 1:30:30]} Bb7 {[%clk 1:30:30]} 8. h3
{[%clk 1:30:30]} Nbd7 {[%clk 1:30:30]} 9. c4 {[%clk 1:30:30]} c5 {[%clk 1:30:30]}
10. Rc1 {[%clk 1:30:30]} Rc8 {[%clk 1:30:30]} 11. Re1 {[%clk 1:30:30]} Ne4 {[%clk
1:30:30]} 12. Nxe4 {[%clk 1:30:30]} dxe4 {[%clk 1:30:30]} 13. Ne5 {[%clk
1:30:30]} Nxe5 {[%clk 1:30:30]} 14. Bxe5 {[%clk 1:30:30]} Bg5 {[%clk 1:30:30]}
15. Rb1 {[%clk 1:30:30]} Qe7 {[%clk 1:30:30]} 16. dxc5 {[%clk 1:30:30]} Rfd8
{[%clk 1:30:30]} 17. Qa4 {[%clk 1:30:30]} Rxc5 {[%clk 1:30:30]} 18. Bd4 {[%clk
1:30:30]} Ra5 {[%clk 1:30:30]} 19. Qb3 {[%clk 1:30:30]} e5 {[%clk 1:30:30]} 20.
Bc3 {[%clk 1:30:30]} Ra6 {[%clk 1:30:30]} 21. c5 {[%clk 1:30:30]} Bd5 {[%clk
1:30:30]} 22. Qc2 {[%clk 1:30:30]} Rxa2 {[%clk 1:30:30]} 23. cxb6 {[%clk
1:30:30]} axb6 {[%clk 1:30:30]} 24. Ra1 {[%clk 1:30:30]} Rxa1 {[%clk 1:30:30]}
25. Rxa1 {[%clk 1:30:30]} f5 {[%clk 1:30:30]} 26. b3 {[%clk 1:30:30]} Rc8 {[%clk
1:30:30]} 27. Qb2 {[%clk 1:30:30]} Bf6 {[%clk 1:30:30]} 28. Ra6 {[%clk 1:30:30]}
Qc5 {[%clk 1:30:30]} 29. Be1 {[%clk 1:30:30]} Qc2 {[%clk 1:30:30]} 30. Qxc2
{[%clk 1:30:30]} Rxc2 {[%clk 1:30:30]} 31. Kf1 {[%clk 1:30:30]} Bxb3 {[%clk
1:30:30]} 32. Rxb6 {[%clk 1:30:30]} Bc4 {[%clk 1:30:30]} 33. Bxc4+ {[%clk
1:30:30]} Rxc4 {[%clk 1:30:30]} 34. Rb8+ {[%clk 1:30:30]} Kf7 {[%clk 1:30:30]}
35. Rb7+ {[%clk 1:30:30]} Kg6 {[%clk 1:30:30]} 36. Ba5 {[%clk 1:30:30]} f4 {[%clk
1:30:30]} 37. Bc7 {[%clk 1:30:30]} f3 {[%clk 1:30:30]} 38. gxf3 {[%clk 1:30:30]}
exf3 {[%clk 1:30:30]} 39. Ke1 {[%clk 1:30:30]} Kg5 {[%clk 1:30:30]} 40. Bd6
{[%clk 1:30:30]} Rh4 {[%clk 1:30:30]} 41. Bf8 {[%clk 1:30:30]} g6 {[%clk
1:30:30]} 42. Be7 {[%clk 1:30:30]} Rxh3 {[%clk 1:30:30]} 43. Bxf6+ {[%clk
1:30:30]} Kxf6 {[%clk 1:30:30]} 44. Rb6+ {[%clk 1:30:30]} Kf5 {[%clk 1:30:30]}
45. Rb8 {[%clk 1:30:30]} h5 {[%clk 1:30:30]} 46. Rf8+ {[%clk 1:30:30]} Ke4 {[%clk
1:30:30]} 47. Rf6 {[%clk 1:30:30]} g5 {[%clk 1:30:30]} 48. Ra6 {[%clk 1:30:30]}
h4 {[%clk 1:30:30]} 49. Ra4+ {[%clk 1:30:30]} Kf5 {[%clk 1:30:30]} 50. Ra8 {[%clk
1:30:30]} Rh1+ {[%clk 1:30:30]} 51. Kd2 {[%clk 1:30:30]} h3 {[%clk 1:30:30]} 52.
Rf8+ {[%clk 1:30:30]} Kg4 {[%clk 1:30:30]} 53. Re8 {[%clk 1:30:30]} h2 {[%clk
1:30:30]} 54. Rh8 {[%clk 1:30:30]} Kf5 {[%clk 1:30:30]} 55. Rf8+ {[%clk 1:30:30]}
Kg6 {[%clk 1:30:30]} 56. Rh8 {[%clk 1:30:30]} g4 {[%clk 1:30:30]} 57. Rh4 {[%clk
1:30:30]} g3 {[%clk 1:30:30]} 58. fxg3 {[%clk 1:30:30]} f2 {[%clk 1:30:30]} 59.
Rxh2 {[%clk 1:30:30]} f1Q {[%clk 1:30:30]} 60. Rxh1 {[%clk 1:30:30]} Qxh1 {[%clk
1:30:30]} 61. g4 {[%clk 1:30:30]} Qg2+ {[%clk 1:30:30]} 62. Kd3 {[%clk 1:30:30]}
Qxg4 {[%clk 1:30:30]} 63. Kd2 {[%clk 1:30:30]} e4 {[%clk 1:30:30]} 64. Ke1 {[%clk
1:30:30]} Qf3 {[%clk 1:30:30]} 65. Kd2 {[%clk 1:30:30]} Qf2+ {[%clk 1:30:30]} 0-1

[Event "Campeonato España Sub 10"]
[Site "Salobreña"]
[Date "2017.07.07"]
[Round "7"]
[White "Diaz Perez, Diego"]
[Black "Ermachenko, Manuel"]
[Result "0-1"]
[Board "11"]
[WhiteElo "1275"]
[WhiteCountry "ESP"]
[WhiteFideId "24587958"]
[WhiteEloChange "-2"]
[BlackElo "1678"]
[BlackCountry "ESP"]
[BlackFideId "24560952"]
[BlackEloChange "2"]

1. e4 {[%clk 1:30:30]} c5 {[%clk 1:30:30]} 2. d4 {[%clk 1:30:30]} cxd4 {[%clk
1:30:30]} 3. c3 {[%clk 1:30:30]} dxc3 {[%clk 1:30:30]} 4. Nxc3 {[%clk 1:30:30]}
d6 {[%clk 1:30:30]} 5. Bc4 {[%clk 1:30:30]} e6 {[%clk 1:30:30]} 6. Nf3 {[%clk
1:30:30]} Nf6 {[%clk 1:30:30]} 7. O-O {[%clk 1:30:30]} Be7 {[%clk 1:30:30]} 8.
Bf4 {[%clk 1:30:30]} a6 {[%clk 1:30:30]} 9. a4 {[%clk 1:30:30]} O-O {[%clk
1:30:30]} 10. Qe2 {[%clk 1:30:30]} e5 {[%clk 1:30:30]} 11. Be3 {[%clk 1:30:30]}
Be6 {[%clk 1:30:30]} 12. Bxe6 {[%clk 1:30:30]} fxe6 {[%clk 1:30:30]} 13. Rfd1
{[%clk 1:30:30]} Nc6 {[%clk 1:30:30]} 14. Qc4 {[%clk 1:30:30]} Qc8 {[%clk
1:30:30]} 15. Rac1 {[%clk 1:30:30]} Nd4 {[%clk 1:30:30]} 16. Qxc8 {[%clk
1:30:30]} Nxf3+ {[%clk 1:30:30]} 17. gxf3 {[%clk 1:30:30]} Raxc8 {[%clk 1:30:30]}
18. f4 {[%clk 1:30:30]} Nd7 {[%clk 1:30:30]} 19. Ne2 {[%clk 1:30:30]} h6 {[%clk
1:30:30]} 20. fxe5 {[%clk 1:30:30]} Nxe5 {[%clk 1:30:30]} 21. Nf4 {[%clk
1:30:30]} Kf7 {[%clk 1:30:30]} 22. Nd3 {[%clk 1:30:30]} Nxd3 {[%clk 1:30:30]} 23.
Rxd3 {[%clk 1:30:30]} Rxc1+ {[%clk 1:30:30]} 24. Bxc1 {[%clk 1:30:30]} Rc8 {[%clk
1:30:30]} 25. Rc3 {[%clk 1:30:30]} Rxc3 {[%clk 1:30:30]} 26. bxc3 {[%clk
1:30:30]} Bf6 {[%clk 1:30:30]} 27. Bd2 {[%clk 1:30:30]} Ke7 {[%clk 1:30:30]} 28.
Kf1 {[%clk 1:30:30]} Kd7 {[%clk 1:30:30]} 29. Ke2 {[%clk 1:30:30]} Kc6 {[%clk
1:30:30]} 30. Kd3 {[%clk 1:30:30]} Kb6 {[%clk 1:30:30]} 31. Kc4 {[%clk 1:30:30]}
g5 {[%clk 1:30:30]} 32. Kb4 {[%clk 1:30:30]} h5 {[%clk 1:30:30]} 33. a5+ {[%clk
1:30:30]} Kc6 {[%clk 1:30:30]} 34. f3 {[%clk 1:30:30]} d5 {[%clk 1:30:30]} 35.
exd5+ {[%clk 1:30:30]} Kxd5 {[%clk 1:30:30]} 36. h3 {[%clk 1:30:30]} Be7+ {[%clk
1:30:30]} 37. Kb3 {[%clk 1:30:30]} e5 {[%clk 1:30:30]} 38. Kc2 {[%clk 1:30:30]}
Kc4 {[%clk 1:30:30]} 39. Be3 {[%clk 1:30:30]} Bd8 {[%clk 1:30:30]} 40. Bd2 {[%clk
1:30:30]} Bxa5 {[%clk 1:30:30]} 41. Be1 {[%clk 1:30:30]} Bd8 {[%clk 1:30:30]} 42.
Bd2 {[%clk 1:30:30]} a5 {[%clk 1:30:30]} 43. Bc1 {[%clk 1:30:30]} a4 {[%clk
1:30:30]} 44. Ba3 {[%clk 1:30:30]} g4 {[%clk 1:30:30]} 45. fxg4 {[%clk 1:30:30]}
hxg4 {[%clk 1:30:30]} 46. hxg4 {[%clk 1:30:30]} e4 {[%clk 1:30:30]} 47. Kd2
{[%clk 1:30:30]} Bg5+ {[%clk 1:30:30]} 48. Kc2 {[%clk 1:30:30]} e3 {[%clk
1:30:30]} 49. Kd1 {[%clk 1:30:30]} Kd3 {[%clk 1:30:30]} 50. Bb2 {[%clk 1:30:30]}
e2+ {[%clk 1:30:30]} 51. Ke1 {[%clk 1:30:30]} Bh4# {[%clk 1:30:30]} 0-1

[Event "Campeonato España Sub 10"]
[Site "Salobreña"]
[Date "2017.07.07"]
[Round "7"]
[White "Diaz Mino, Daniel"]
[Black "Ivorra Ivorra, Angela"]
[Result "1-0"]
[Board "12"]
[WhiteElo "1645"]
[WhiteCountry "ESP"]
[WhiteFideId "24520462"]
[WhiteEloChange "2"]
[BlackElo "1280"]
[BlackCountry "ESP"]
[BlackFideId "24555886"]
[BlackEloChange "-2"]

1. e4 {[%clk 1:30:30]} e6 {[%clk 1:30:30]} 2. d3 {[%clk 1:30:30]} d5 {[%clk
1:30:30]} 3. Nd2 {[%clk 1:30:30]} c5 {[%clk 1:30:30]} 4. Ngf3 {[%clk 1:30:30]}
Nc6 {[%clk 1:30:30]} 5. g3 {[%clk 1:30:30]} Bd6 {[%clk 1:30:30]} 6. Bg2 {[%clk
1:30:30]} Nge7 {[%clk 1:30:30]} 7. O-O {[%clk 1:30:30]} O-O {[%clk 1:30:30]} 8.
Re1 {[%clk 1:30:30]} Qc7 {[%clk 1:30:30]} 9. Qe2 {[%clk 1:30:30]} f6 {[%clk
1:30:30]} 10. Nf1 {[%clk 1:30:30]} d4 {[%clk 1:30:30]} 11. N1d2 {[%clk 1:30:30]}
e5 {[%clk 1:30:30]} 12. Nb3 {[%clk 1:30:30]} Be6 {[%clk 1:30:30]} 13. Bd2 {[%clk
1:30:30]} a5 {[%clk 1:30:30]} 14. c3 {[%clk 1:30:30]} Ra6 {[%clk 1:30:30]} 15. c4
{[%clk 1:30:30]} Rfa8 {[%clk 1:30:30]} 16. Reb1 {[%clk 1:30:30]} b6 {[%clk
1:30:30]} 17. a4 {[%clk 1:30:30]} Nb4 {[%clk 1:30:30]} 18. Rf1 {[%clk 1:30:30]}
Nec6 {[%clk 1:30:30]} 19. Be1 {[%clk 1:30:30]} Rf8 {[%clk 1:30:30]} 20. Nc1
{[%clk 1:30:30]} Qd7 {[%clk 1:30:30]} 21. b3 {[%clk 1:30:30]} Qf7 {[%clk
1:30:30]} 22. Na2 {[%clk 1:30:30]} Nxa2 {[%clk 1:30:30]} 23. Rxa2 {[%clk
1:30:30]} f5 {[%clk 1:30:30]} 24. exf5 {[%clk 1:30:30]} Bxf5 {[%clk 1:30:30]} 25.
Nh4 {[%clk 1:30:30]} Ne7 {[%clk 1:30:30]} 26. Nxf5 {[%clk 1:30:30]} Qxf5 {[%clk
1:30:30]} 27. Be4 {[%clk 1:30:30]} Qh3 {[%clk 1:30:30]} 28. Bd2 {[%clk 1:30:30]}
Qd7 {[%clk 1:30:30]} 29. Qh5 {[%clk 1:30:30]} g6 {[%clk 1:30:30]} 30. Qe2 {[%clk
1:30:30]} Nf5 {[%clk 1:30:30]} 31. Qg4 {[%clk 1:30:30]} Ra7 {[%clk 1:30:30]} 32.
Qe2 {[%clk 1:30:30]} Rc7 {[%clk 1:30:30]} 33. Bg5 {[%clk 1:30:30]} Be7 {[%clk
1:30:30]} 34. Bxe7 {[%clk 1:30:30]} Qxe7 {[%clk 1:30:30]} 35. Re1 {[%clk
1:30:30]} Rcc8 {[%clk 1:30:30]} 36. Bd5+ {[%clk 1:30:30]} Kh8 {[%clk 1:30:30]}
37. Qxe5+ {[%clk 1:30:30]} Qxe5 {[%clk 1:30:30]} 38. Rxe5 {[%clk 1:30:30]} Rce8
{[%clk 1:30:30]} 39. Rae2 {[%clk 1:30:30]} Ng7 {[%clk 1:30:30]} 40. Re7 {[%clk
1:30:30]} Rxe7 {[%clk 1:30:30]} 41. Rxe7 {[%clk 1:30:30]} Re8 {[%clk 1:30:30]}
42. Rb7 {[%clk 1:30:30]} Nf5 {[%clk 1:30:30]} 43. Rxb6 {[%clk 1:30:30]} Re1+
{[%clk 1:30:30]} 44. Kg2 {[%clk 1:30:30]} Rd1 {[%clk 1:30:30]} 45. Be4 {[%clk
1:30:30]} Rd2 {[%clk 1:30:30]} 46. Kf3 {[%clk 1:30:30]} Rd1 {[%clk 1:30:30]} 47.
g4 {[%clk 1:30:30]} Nh4+ {[%clk 1:30:30]} 48. Kg3 {[%clk 1:30:30]} g5 {[%clk
1:30:30]} 49. h3 {[%clk 1:30:30]} Rg1+ {[%clk 1:30:30]} 50. Kh2 {[%clk 1:30:30]}
Rf1 {[%clk 1:30:30]} 51. Bd5 {[%clk 1:30:30]} Rxf2+ {[%clk 1:30:30]} 52. Kg1
{[%clk 1:30:30]} Rd2 {[%clk 1:30:30]} 53. Be4 {[%clk 1:30:30]} Rd1+ {[%clk
1:30:30]} 54. Kf2 {[%clk 1:30:30]} Rd2+ {[%clk 1:30:30]} 55. Ke1 {[%clk 1:30:30]}
Rh2 {[%clk 1:30:30]} 56. Rb7 {[%clk 1:30:30]} Rxh3 {[%clk 1:30:30]} 57. Rxh7+
{[%clk 1:30:30]} Kg8 {[%clk 1:30:30]} 58. Rh5 {[%clk 1:30:30]} Nf3+ {[%clk
1:30:30]} 59. Bxf3 {[%clk 1:30:30]} Rxf3 {[%clk 1:30:30]} 60. Rxg5+ {[%clk
1:30:30]} Kf7 {[%clk 1:30:30]} 61. Rf5+ {[%clk 1:30:30]} Rxf5 {[%clk 1:30:30]}
62. gxf5 {[%clk 1:30:30]} Kf6 {[%clk 1:30:30]} 63. Kf2 {[%clk 1:30:30]} Kxf5
{[%clk 1:30:30]} 64. Kf3 {[%clk 1:30:30]} Kg5 {[%clk 1:30:30]} 65. Ke4 {[%clk
1:30:30]} Kg4 {[%clk 1:30:30]} 66. Kd5 {[%clk 1:30:30]} Kf3 {[%clk 1:30:30]} 67.
Kxc5 {[%clk 1:30:30]} Ke3 {[%clk 1:30:30]} 68. Kb5 {[%clk 1:30:30]} Kxd3 {[%clk
1:30:30]} 69. c5 {[%clk 1:30:30]} Kc3 {[%clk 1:30:30]} 70. c6 {[%clk 1:30:30]} d3
{[%clk 1:30:30]} 71. c7 {[%clk 1:30:30]} d2 {[%clk 1:30:30]} 72. c8Q+ {[%clk
1:30:30]} Kxb3 {[%clk 1:30:30]} 73. Qd7 {[%clk 1:30:30]} Kc2 {[%clk 1:30:30]} 74.
Kxa5 {[%clk 1:30:30]} d1Q {[%clk 1:30:30]} 75. Qxd1+ {[%clk 1:30:30]} Kxd1 {[%clk
1:30:30]} 76. Kb6 {[%clk 1:30:30]} Kc2 {[%clk 1:30:30]} 77. a5 {[%clk 1:30:30]}
Kb3 {[%clk 1:30:30]} 78. a6 {[%clk 1:30:30]} Ka4 {[%clk 1:30:30]} 79. a7 {[%clk
1:30:30]} Kb4 {[%clk 1:30:30]} 80. a8Q {[%clk 1:30:30]} 1-0

[Event "Campeonato España Sub 10"]
[Site "Salobreña"]
[Date "2017.07.07"]
[Round "7"]
[White "Herranz Suarez, David"]
[Black "Santos Usua, Mikel"]
[Result "1-0"]
[Board "13"]
[WhiteElo "1502"]
[WhiteCountry "ESP"]
[WhiteFideId "24591211"]
[WhiteEloChange "4"]
[BlackElo "1256"]
[BlackCountry "ESP"]
[BlackFideId "24580910"]
[BlackEloChange "-4"]

1. d4 {[%clk 1:30:30]} d5 {[%clk 1:30:30]} 2. Bf4 {[%clk 1:30:30]} Nf6 {[%clk
1:30:30]} 3. e3 {[%clk 1:30:30]} a6 {[%clk 1:30:30]} 4. c4 {[%clk 1:30:30]} c6
{[%clk 1:30:30]} 5. Nc3 {[%clk 1:30:30]} Bf5 {[%clk 1:30:30]} 6. Nf3 {[%clk
1:30:30]} e6 {[%clk 1:30:30]} 7. Bd3 {[%clk 1:30:30]} Bxd3 {[%clk 1:30:30]} 8.
Qxd3 {[%clk 1:30:30]} Nbd7 {[%clk 1:30:30]} 9. O-O {[%clk 1:30:30]} Be7 {[%clk
1:30:30]} 10. c5 {[%clk 1:30:30]} O-O {[%clk 1:30:30]} 11. h3 {[%clk 1:30:30]} b6
{[%clk 1:30:30]} 12. b4 {[%clk 1:30:30]} h6 {[%clk 1:30:30]} 13. Rad1 {[%clk
1:30:30]} Re8 {[%clk 1:30:30]} 14. Rfe1 {[%clk 1:30:30]} b5 {[%clk 1:30:30]} 15.
e4 {[%clk 1:30:30]} Nh7 {[%clk 1:30:30]} 16. Ra1 {[%clk 1:30:30]} a5 {[%clk
1:30:30]} 17. a3 {[%clk 1:30:30]} a4 {[%clk 1:30:30]} 18. Nh2 {[%clk 1:30:30]}
Qc8 {[%clk 1:30:30]} 19. Re3 {[%clk 1:30:30]} Bg5 {[%clk 1:30:30]} 20. Bxg5
{[%clk 1:30:30]} Nxg5 {[%clk 1:30:30]} 21. Rg3 {[%clk 1:30:30]} Qd8 {[%clk
1:30:30]} 22. Ng4 {[%clk 1:30:30]} Nf6 {[%clk 1:30:30]} 23. Nxh6+ {[%clk
1:30:30]} gxh6 {[%clk 1:30:30]} 24. h4 {[%clk 1:30:30]} Nh7 {[%clk 1:30:30]} 25.
hxg5 {[%clk 1:30:30]} hxg5 {[%clk 1:30:30]} 26. e5 {[%clk 1:30:30]} Re7 {[%clk
1:30:30]} 27. Rh3 {[%clk 1:30:30]} f6 {[%clk 1:30:30]} 28. exf6 {[%clk 1:30:30]}
Nxf6 {[%clk 1:30:30]} 29. f3 {[%clk 1:30:30]} Rg7 {[%clk 1:30:30]} 30. Kf2 {[%clk
1:30:30]} Qf8 {[%clk 1:30:30]} 31. Ke2 {[%clk 1:30:30]} Qf7 {[%clk 1:30:30]} 32.
Rah1 {[%clk 1:30:30]} Rh7 {[%clk 1:30:30]} 33. Qe3 {[%clk 1:30:30]} Qg6 {[%clk
1:30:30]} 34. Qxe6+ {[%clk 1:30:30]} Kh8 {[%clk 1:30:30]} 35. Rxh7+ {[%clk
1:30:30]} 1-0

[Event "Campeonato España Sub 10"]
[Site "Salobreña"]
[Date "2017.07.07"]
[Round "7"]
[White "Ortiz Padro, Pol"]
[Black "Puente Fernandez, Lucas"]
[Result "1-0"]
[Board "14"]
[WhiteElo "1382"]
[WhiteCountry "ESP"]
[WhiteFideId "24594040"]
[WhiteEloChange "7"]
[BlackElo "1270"]
[BlackCountry "ESP"]
[BlackFideId "24560596"]
[BlackEloChange "-7"]

1. e4 {[%clk 1:30:30]} e6 {[%clk 1:30:30]} 2. d4 {[%clk 1:30:30]} d5 {[%clk
1:30:30]} 3. Bd3 {[%clk 1:30:30]} c5 {[%clk 1:30:30]} 4. c3 {[%clk 1:30:30]} Nc6
{[%clk 1:30:30]} 5. Bc2 {[%clk 1:30:30]} Qb6 {[%clk 1:30:30]} 6. Ne2 {[%clk
1:30:30]} cxd4 {[%clk 1:30:30]} 7. cxd4 {[%clk 1:30:30]} dxe4 {[%clk 1:30:30]} 8.
Bxe4 {[%clk 1:30:30]} Bb4+ {[%clk 1:30:30]} 9. Bd2 {[%clk 1:30:30]} Bxd2+ {[%clk
1:30:30]} 10. Qxd2 {[%clk 1:30:30]} Nf6 {[%clk 1:30:30]} 11. Bxc6+ {[%clk
1:30:30]} Qxc6 {[%clk 1:30:30]} 12. f3 {[%clk 1:30:30]} O-O {[%clk 1:30:30]} 13.
O-O {[%clk 1:30:30]} Bd7 {[%clk 1:30:30]} 14. Nbc3 {[%clk 1:30:30]} Rfd8 {[%clk
1:30:30]} 15. Rfd1 {[%clk 1:30:30]} Qb6 {[%clk 1:30:30]} 16. Kh1 {[%clk 1:30:30]}
Bc6 {[%clk 1:30:30]} 17. Qe1 {[%clk 1:30:30]} Qxb2 {[%clk 1:30:30]} 18. Rab1
{[%clk 1:30:30]} Qa3 {[%clk 1:30:30]} 19. Rb3 {[%clk 1:30:30]} Qe7 {[%clk
1:30:30]} 20. Nf4 {[%clk 1:30:30]} Rab8 {[%clk 1:30:30]} 21. d5 {[%clk 1:30:30]}
Bd7 {[%clk 1:30:30]} 22. dxe6 {[%clk 1:30:30]} fxe6 {[%clk 1:30:30]} 23. Nfd5
{[%clk 1:30:30]} Nxd5 {[%clk 1:30:30]} 24. Nxd5 {[%clk 1:30:30]} Qf7 {[%clk
1:30:30]} 25. Nc3 {[%clk 1:30:30]} Bc6 {[%clk 1:30:30]} 26. h3 {[%clk 1:30:30]}
b5 {[%clk 1:30:30]} 27. Rxd8+ {[%clk 1:30:30]} Rxd8 {[%clk 1:30:30]} 28. Nxb5
{[%clk 1:30:30]} Rd5 {[%clk 1:30:30]} 29. Nc3 {[%clk 1:30:30]} Rg5 {[%clk
1:30:30]} 30. Ne4 {[%clk 1:30:30]} Re5 {[%clk 1:30:30]} 31. Qg3 {[%clk 1:30:30]}
Rd5 {[%clk 1:30:30]} 32. Qe1 {[%clk 1:30:30]} Rd8 {[%clk 1:30:30]} 33. Qc3 {[%clk
1:30:30]} Rd1+ {[%clk 1:30:30]} 34. Kh2 {[%clk 1:30:30]} Qf4+ {[%clk 1:30:30]}
35. Ng3 {[%clk 1:30:30]} Rc1 {[%clk 1:30:30]} 36. Qa5 {[%clk 1:30:30]} Qd4 {[%clk
1:30:30]} 37. Ne2 {[%clk 1:30:30]} Qd6+ {[%clk 1:30:30]} 38. f4 {[%clk 1:30:30]}
Rc2 {[%clk 1:30:30]} 39. Qxa7 {[%clk 1:30:30]} Rxe2 {[%clk 1:30:30]} 40. Rb8+
{[%clk 1:30:30]} Qf8 {[%clk 1:30:30]} 41. Rxf8+ {[%clk 1:30:30]} Kxf8 {[%clk
1:30:30]} 42. Qc5+ {[%clk 1:30:30]} Kf7 {[%clk 1:30:30]} 43. Qxc6 {[%clk
1:30:30]} Rxa2 {[%clk 1:30:30]} 44. f5 {[%clk 1:30:30]} Re2 {[%clk 1:30:30]} 45.
h4 {[%clk 1:30:30]} exf5 {[%clk 1:30:30]} 46. Qd7+ {[%clk 1:30:30]} Kf6 {[%clk
1:30:30]} 47. Qd8+ {[%clk 1:30:30]} Kf7 {[%clk 1:30:30]} 48. Qg5 {[%clk 1:30:30]}
Re6 {[%clk 1:30:30]} 49. Qxf5+ {[%clk 1:30:30]} Rf6 {[%clk 1:30:30]} 50. Qxh7
{[%clk 1:30:30]} Rh6 {[%clk 1:30:30]} 51. Qe4 {[%clk 1:30:30]} Re6 {[%clk
1:30:30]} 52. Qc4 {[%clk 1:30:30]} Ke7 {[%clk 1:30:30]} 53. Kg3 {[%clk 1:30:30]}
Rg6+ {[%clk 1:30:30]} 54. Kf4 {[%clk 1:30:30]} 1-0

[Event "Campeonato España Sub 10"]
[Site "Salobreña"]
[Date "2017.07.07"]
[Round "7"]
[White "Gonzalez Pintor, Ivan"]
[Black "Diaz Medina, Angelo"]
[Result "0-1"]
[Board "16"]
[WhiteElo "1272"]
[WhiteCountry "ESP"]
[WhiteFideId "24538477"]
[WhiteEloChange "-7"]
[BlackElo "1378"]
[BlackCountry "ESP"]
[BlackFideId "24562432"]
[BlackEloChange "7"]

1. b3 {[%clk 1:30:30]} d5 {[%clk 1:30:30]} 2. Bb2 {[%clk 1:30:30]} Bg4 {[%clk
1:30:30]} 3. d3 {[%clk 1:30:30]} e6 {[%clk 1:30:30]} 4. a3 {[%clk 1:30:30]} Nf6
{[%clk 1:30:30]} 5. Nd2 {[%clk 1:30:30]} Bd6 {[%clk 1:30:30]} 6. c4 {[%clk
1:30:30]} c6 {[%clk 1:30:30]} 7. cxd5 {[%clk 1:30:30]} cxd5 {[%clk 1:30:30]} 8.
Ngf3 {[%clk 1:30:30]} Nc6 {[%clk 1:30:30]} 9. Qc2 {[%clk 1:30:30]} Rc8 {[%clk
1:30:30]} 10. Rc1 {[%clk 1:30:30]} O-O {[%clk 1:30:30]} 11. e3 {[%clk 1:30:30]}
e5 {[%clk 1:30:30]} 12. Be2 {[%clk 1:30:30]} Nd4 {[%clk 1:30:30]} 13. Qd1 {[%clk
1:30:30]} Nxe2 {[%clk 1:30:30]} 14. Qxe2 {[%clk 1:30:30]} Rxc1+ {[%clk 1:30:30]}
15. Bxc1 {[%clk 1:30:30]} e4 {[%clk 1:30:30]} 16. dxe4 {[%clk 1:30:30]} dxe4
{[%clk 1:30:30]} 17. O-O {[%clk 1:30:30]} exf3 {[%clk 1:30:30]} 18. Nxf3 {[%clk
1:30:30]} Ne4 {[%clk 1:30:30]} 19. Bb2 {[%clk 1:30:30]} f5 {[%clk 1:30:30]} 20.
Qc4+ {[%clk 1:30:30]} Rf7 {[%clk 1:30:30]} 21. Rc1 {[%clk 1:30:30]} Bxf3 {[%clk
1:30:30]} 22. Qe6 {[%clk 1:30:30]} Bf8 {[%clk 1:30:30]} 23. gxf3 {[%clk 1:30:30]}
Qg5+ {[%clk 1:30:30]} 24. Kf1 {[%clk 1:30:30]} Nd2+ {[%clk 1:30:30]} 25. Ke2
{[%clk 1:30:30]} Nxf3 {[%clk 1:30:30]} 26. Kxf3 {[%clk 1:30:30]} Qg4# {[%clk
1:30:30]} 0-1